000 00479nam a22001697a 4500
999 _c3579
_d3579
003 OSt
005 20181115113512.0
008 181115b ||||| |||| 00| 0 eng d
040 _cDLC
082 _a266
_bE99B
100 _aEzzo, Elsie Bolton
245 _aBought For A Dollar and other Exciting Stories Of China /
_cBy Elsie Bolton Ezzo.
260 _aMissouri, USA :
_bGospel Publishing House,
_cc1969.
300 _a95 p.:
650 _aMission
_xStory Based
942 _2ddc
_cBK